000 00574nam a2200217Ia 4500
008 160517s9999 xx 000 0 und d
020 _a978-981-4239-70-7
050 _aComSc QA 76.9
050 _b.H85S65 2006 c.2
100 _aSmith-Atakan, Serengul
245 _aHuman-computer interaction /
245 _cSerengul Smith-Atakan.
260 _aAustralia :
260 _bMiddlesex University Press,
260 _c2006
300 _a204 pages :
300 _bill. ;
300 _c25cm.
500 _aIncludes index.
650 _aHuman-computer interaction.
999 _c294148
_d294148